[Event "Mini-COQ"]
[Site "Montreal CAN"]
[Date "2011.07.23"]
[Round "2"]
[White "Joanis, Marc-Andre"]
[Black "Germain, Benoit"]
[Result "1-0"]
[WhiteElo "1683"]
[BlackElo "1677"]
[PlyCount "53"]
[GameId "2160767909649243"]
[EventDate "2011.07.23"]
[EventType "swiss"]
[EventRounds "4"]
[EventCountry "CAN"]
[SourceTitle "EXT 2022"]
[Source "ChessBase"]
[SourceDate "2021.10.06"]
[SourceVersion "1"]
[SourceVersionDate "2021.10.06"]
[SourceQuality "1"]

1. Nf3 d5 2. c4 d4 3. g3 c5 4. Bg2 Nc6 5. O-O Nf6 6. d3 e5 7. b4 cxb4 8. a3 bxa3 9. Bxa3 Bxa3 10. Rxa3 O-O 11. Nbd2 Bd7 12. Qa1 Qc8 13. Rb1 Rb8 14. Ng5 h6 15. Nge4 Nxe4 16. Nxe4 Bh3 17. Nd6 Qd7 18. Bxh3 Qxd6 19. Bg2 a6 20. Rb6 Rfc8 21. Qb2 Qc7 22. Bd5 a5 23. Qb5 Qe7 24. Rb3 Nb4 25. Qxa5 Nxd5 26. Qxd5 Rc7 27. R3b5 1-0

[Event "Mini-COQ"]
[Site "Montreal CAN"]
[Date "2011.07.23"]
[Round "2"]
[White "Morin, Louis"]
[Black "Forget, David"]
[Result "1-0"]
[WhiteElo "1883"]
[BlackElo "1886"]
[PlyCount "91"]
[GameId "2160767909649245"]
[EventDate "2011.07.23"]
[EventType "swiss"]
[EventRounds "4"]
[EventCountry "CAN"]
[SourceTitle "EXT 2022"]
[Source "ChessBase"]
[SourceDate "2021.10.06"]
[SourceVersion "1"]
[SourceVersionDate "2021.10.06"]
[SourceQuality "1"]

1. e4 e6 2. d4 d5 3. e5 c5 4. Qg4 cxd4 5. Nf3 Nc6 6. Bd3 Nge7 7. O-O Ng6 8. Re1 Be7 9. Nbd2 O-O 10. Nb3 f5 11. exf6 Bxf6 12. Bxg6 hxg6 13. Qxg6 e5 14. Ng5 Bxg5 15. Bxg5 Qe8 16. Qxe8 Rxe8 17. c3 dxc3 18. bxc3 Bf5 19. f3 d4 20. cxd4 Nxd4 21. Nxd4 exd4 22. Rxe8+ Rxe8 23. Kf2 Rc8 24. Rc1 Bc2 25. Ke1 d3 26. Kd2 Rc5 27. h4 Ra5 28. Re1 Rxa2 29. Re8+ Kh7 30. Re7 Ra1 31. Bf6 Rd1+ 32. Kc3 Kg6 33. Bxg7 Rb1 34. g4 a5 35. h5+ Kg5 36. Re5+ Kf4 37. h6 d2 38. Kxd2 Bh7 39. Rf5+ Kg3 40. Be5+ Kg2 41. Rf7 Bg6 42. Rg7 Kxf3 43. Rxg6 Rh1 44. Bg7 a4 45. Rg5 a3 46. Rh5 1-0

[Event "Mini-COQ"]
[Site "Montreal CAN"]
[Date "2011.07.23"]
[Round "2"]
[White "Ramaswamy, Kishor"]
[Black "Khashper, Arkady"]
[Result "1-0"]
[WhiteElo "2181"]
[BlackElo "2158"]
[PlyCount "73"]
[GameId "2160767909649246"]
[EventDate "2011.07.23"]
[EventType "swiss"]
[EventRounds "4"]
[EventCountry "CAN"]
[SourceTitle "EXT 2022"]
[Source "ChessBase"]
[SourceDate "2021.10.06"]
[SourceVersion "1"]
[SourceVersionDate "2021.10.06"]
[SourceQuality "1"]

1. d4 e6 2. Nf3 c5 3. c3 Nf6 4. Bg5 h6 5. Bh4 Be7 6. e3 Nc6 7. Nbd2 g5 8. Bg3 Nh5 9. Ne5 Nxg3 10. hxg3 cxd4 11. exd4 Nxe5 12. dxe5 Qc7 13. Nc4 b6 14. Nd6+ Bxd6 15. exd6 Qc5 16. Qf3 Qe5+ 17. Be2 Rb8 18. O-O-O Bb7 19. Qg4 Bxg2 20. Rh2 Bd5 21. f4 Qxd6 22. fxg5 Qe5 23. Kb1 Rg8 24. Rxh6 Rxg5 25. Rh8+ Qxh8 26. Qxg5 f6 27. Qf4 Ke7 28. c4 e5 29. Qf5 Be6 30. Qd3 Rc8 31. Qa3+ Kf7 32. Qxa7 Qh7+ 33. Ka1 Qe4 34. Rxd7+ Bxd7 35. Qxd7+ Kf8 36. Qxc8+ Kg7 37. Qg4+ 1-0

[Event "Mini-COQ"]
[Site "Montreal CAN"]
[Date "2011.07.23"]
[Round "2"]
[White "Rondon, Luciano"]
[Black "Turcotte, Jonathan"]
[Result "1-0"]
[WhiteElo "1937"]
[BlackElo "1954"]
[PlyCount "71"]
[GameId "2160767909649247"]
[EventDate "2011.07.23"]
[EventType "swiss"]
[EventRounds "4"]
[EventCountry "CAN"]
[SourceTitle "EXT 2022"]
[Source "ChessBase"]
[SourceDate "2021.10.06"]
[SourceVersion "1"]
[SourceVersionDate "2021.10.06"]
[SourceQuality "1"]

1. d4 d5 2. c4 c6 3. Nf3 Nf6 4. Nc3 e6 5. Bg5 Nbd7 6. e3 Qa5 7. Bh4 Bb4 8. Qc2 Ne4 9. Rc1 Qxa2 10. Bd3 Nxc3 11. bxc3 Qxc2 12. Rxc2 Be7 13. Bxe7 Kxe7 14. O-O b6 15. Ra1 a5 16. cxd5 cxd5 17. Bb5 Ba6 18. Bxd7 Kxd7 19. Ne5+ Ke7 20. Rb1 f6 21. Nc6+ Kd7 22. Rxb6 Rhc8 23. Nxa5 Bd3 24. Ra2 Rc7 25. h3 Rca7 26. Rd2 Bf5 27. Rb7+ Rxb7 28. Nxb7 Ra1+ 29. Kh2 Rc1 30. Nc5+ Kc6 31. Ra2 Kb5 32. g4 Be4 33. Nxe4 dxe4 34. Ra7 Kc4 35. Rxg7 Kd3 36. Rf7 1-0

[Event "Mini-COQ"]
[Site "Montreal CAN"]
[Date "2011.07.24"]
[Round "2"]
[White "Dumont, Felix"]
[Black "Gulko, Andrei"]
[Result "0-1"]
[WhiteElo "2007"]
[BlackElo "2157"]
[PlyCount "78"]
[GameId "2160767909649248"]
[EventDate "2011.07.23"]
[EventType "swiss"]
[EventRounds "4"]
[EventCountry "CAN"]
[SourceTitle "EXT 2022"]
[Source "ChessBase"]
[SourceDate "2021.10.06"]
[SourceVersion "1"]
[SourceVersionDate "2021.10.06"]
[SourceQuality "1"]

1. e4 e5 2. Nf3 Nf6 3. Nxe5 d6 4. Nf3 Nxe4 5. Nc3 Nxc3 6. dxc3 Be7 7. Be3 Nc6 8. Qd2 Be6 9. O-O-O Qd7 10. Kb1 a6 11. h4 h6 12. Nd4 Nxd4 13. Bxd4 Rg8 14. c4 O-O-O 15. Qc3 g5 16. hxg5 hxg5 17. Rd3 Bf5 18. Re3 g4 19. Bd3 Bg5 20. c5 Bxe3 21. c6 Qe6 22. cxb7+ Kb8 23. Bxe3 Bxd3 24. cxd3 Qd5 25. Rc1 c5 26. d4 c4 27. g3 Kxb7 28. b3 cxb3 29. Qc7+ Ka8 30. Rc6 bxa2+ 31. Ka1 Qb5 32. Rb6 Rd7 33. Qc6+ Qxc6 34. Rxc6 d5 35. Rxa6+ Ra7 36. Rxa7+ Kxa7 37. Kxa2 Rb8 38. Bc1 Kb6 39. Bb2 Re8 0-1

[Event "Mini-COQ"]
[Site "Montreal CAN"]
[Date "2011.07.24"]
[Round "2"]
[White "Messier, David"]
[Black "Thibault, David"]
[Result "1-0"]
[WhiteElo "1635"]
[BlackElo "1644"]
[PlyCount "31"]
[GameId "2160767909649249"]
[EventDate "2011.07.23"]
[EventType "swiss"]
[EventRounds "4"]
[EventCountry "CAN"]
[SourceTitle "EXT 2022"]
[Source "ChessBase"]
[SourceDate "2021.10.06"]
[SourceVersion "1"]
[SourceVersionDate "2021.10.06"]
[SourceQuality "1"]

1. e4 e5 2. f4 exf4 3. Bc4 Qh4+ 4. Kf1 Bc5 5. d4 Bb6 6. Nf3 Qh5 7. Bxf4 Ne7 8. Nc3 O-O 9. Kf2 Qg4 10. Be3 d6 11. h3 Qg6 12. Rf1 h6 13. Nh4 Qf6+ 14. Kg3 Nf5+ 15. Nxf5 d5 16. Nxh6+ 1-0

[Event "Mini-COQ"]
[Site "Montreal CAN"]
[Date "2011.07.24"]
[Round "2.17"]
[White "Ramaswamy, Kishor"]
[Black "Zhang, Zhiyuan"]
[Result "1-0"]
[WhiteElo "2181"]
[BlackElo "2044"]
[PlyCount "115"]
[GameId "2160767909649250"]
[EventDate "2011.07.23"]
[EventType "swiss"]
[EventRounds "4"]
[EventCountry "CAN"]
[SourceTitle "EXT 2022"]
[Source "ChessBase"]
[SourceDate "2021.10.06"]
[SourceVersion "1"]
[SourceVersionDate "2021.10.06"]
[SourceQuality "1"]

1. d4 e6 2. Nf3 Nf6 3. Bg5 d5 4. e3 c5 5. c3 Nc6 6. Nbd2 cxd4 7. exd4 Be7 8. Bd3 a6 9. O-O h6 10. Bh4 Qc7 11. Re1 Nd7 12. Bxe7 Nxe7 13. Ne5 Nf6 14. f4 g6 15. a4 b6 16. Qe2 a5 17. Bb5+ Bd7 18. Bxd7+ Nxd7 19. Nxf7 Rf8 20. Ne5 Nxe5 21. Qxe5 Qxe5 22. Rxe5 Kd7 23. Rae1 Rf6 24. g3 Rb8 25. R5e2 Nc6 26. Nf3 Rbf8 27. h4 Rg8 28. Nh2 g5 29. Ng4 Rff8 30. Nxh6 gxh4 31. Nxg8 Rxg8 32. Rxe6 Rxg3+ 33. Kf2 Rg4 34. Rf6 Rg7 35. Rh6 Rg4 36. Rf6 Rg7 37. Rg1 Rh7 38. Rgg6 Ne7 39. Rh6 Rxh6 40. Rxh6 Nf5 41. Rxb6 Nd6 42. Rxd6+ Kxd6 43. b4 Kc6 44. b5+ Kd6 45. f5 Kd7 46. b6 Kc6 47. f6 Kxb6 48. f7 h3 49. f8=Q h2 50. Kg2 Kc6 51. Kxh2 Kb7 52. Kg3 Ka7 53. Kf4 Ka6 54. Ke5 Kb6 55. Kxd5 Ka6 56. Kc6 Ka7 57. Qe7+ Kb8 58. Qb7# 1-0

[Event "Mini-COQ"]
[Site "Montreal CAN"]
[Date "2011.07.24"]
[Round "2.31"]
[White "Gueorguiev, Valentin"]
[Black "Brunet, Guy"]
[Result "1/2-1/2"]
[WhiteElo "2040"]
[BlackElo "1534"]
[PlyCount "148"]
[GameId "2160767909649251"]
[EventDate "2011.07.23"]
[EventType "swiss"]
[EventRounds "4"]
[EventCountry "CAN"]
[SourceTitle "EXT 2022"]
[Source "ChessBase"]
[SourceDate "2021.10.06"]
[SourceVersion "1"]
[SourceVersionDate "2021.10.06"]
[SourceQuality "1"]

1. Nf3 d5 2. g3 Nf6 3. Bg2 Bg4 4. h3 Bxf3 5. Bxf3 e6 6. c4 c6 7. b3 Be7 8. Bb2 Nbd7 9. O-O O-O 10. d4 Re8 11. Nc3 Rc8 12. e4 dxe4 13. Nxe4 Nxe4 14. Bxe4 Bf6 15. Qc2 h6 16. Rad1 Qc7 17. f4 c5 18. dxc5 Qxc5+ 19. Kh2 Qc7 20. Ba3 Be7 21. Bxe7 Rxe7 22. f5 exf5 23. Bxf5 Rce8 24. Rf2 Nf6 25. Bd3 Re3 26. Rg2 Re1 27. Rxe1 Rxe1 28. Qf2 Qa5 29. Qf3 Re7 30. Qf4 Qe5 31. Qh4 Qd6 32. Bc2 b6 33. Rf2 Qe5 34. Rd2 Rd7 35. Rg2 Qg5 36. Qxg5 hxg5 37. Bf5 Re7 38. Rd2 g6 39. Bc2 Kg7 40. Kg2 Nd7 41. Kf2 Ne5 42. Rd5 Kf6 43. a3 Rd7 44. Rxd7 Nxd7 45. Ke3 Ke5 46. b4 f5 47. Ba4 Nf6 48. c5 bxc5 49. bxc5 Nd5+ 50. Kf3 Nc7 51. Bb3 Nb5 52. Bf7 Nxa3 53. Bxg6 Nb5 54. h4 gxh4 55. gxh4 a5 56. h5 a4 57. h6 Kf6 58. h7 Kg7 59. Kf4 a3 60. Bf7 Kxh7 61. Kxf5 Kg7 62. Bc4 Kf8 63. Ke6 a2 64. Bxa2 Ke8 65. Bc4 Nc7+ 66. Kd6 Kd8 67. Kc6 Kc8 68. Bd3 Ne8 69. Kb6 Kb8 70. Be4 Nc7 71. c6 Na8+ 72. Kc5 Kc7 73. Bd3 Nb6 74. Bb5 Nc8 1/2-1/2

[Event "Mini-COQ"]
[Site "Montreal CAN"]
[Date "2011.07.24"]
[Round "3"]
[White "Grenier, Jean-Luc"]
[Black "Morin, Louis"]
[Result "1-0"]
[WhiteElo "1721"]
[BlackElo "1885"]
[PlyCount "93"]
[GameId "2160767909649252"]
[EventDate "2011.07.23"]
[EventType "swiss"]
[EventRounds "4"]
[EventCountry "CAN"]
[SourceTitle "EXT 2022"]
[Source "ChessBase"]
[SourceDate "2021.10.06"]
[SourceVersion "1"]
[SourceVersionDate "2021.10.06"]
[SourceQuality "1"]

1. e4 e5 2. Nf3 d6 3. d4 Nf6 4. Nc3 Nbd7 5. Be3 Be7 6. Bc4 c6 7. O-O O-O 8. Nd2 b5 9. Bb3 exd4 10. Bxd4 Nc5 11. e5 Ng4 12. exd6 Qxd6 13. Nf3 Bf5 14. Bxc5 Qxc5 15. Qe2 Rfe8 16. Rfe1 Qb6 17. Ng5 Nh6 18. a4 Kf8 19. Nge4 Bb4 20. Qf3 a6 21. h3 Rad8 22. Re2 Be6 23. Bxe6 Rxe6 24. Ng5 Rxe2 25. Qxe2 Bxc3 26. bxc3 Kg8 27. Re1 Qb8 28. Qe4 g6 29. Qe7 Rf8 30. Qf6 bxa4 31. g4 Qd8 32. Re7 Qd1+ 33. Kg2 a3 34. Ne6 Qd5+ 35. Kg3 Qd6+ 36. Kh4 Qxe6 37. Rxe6 fxe6 38. Qxe6+ Rf7 39. Kg5 Kg7 40. Qe5+ Kf8 41. Kxh6 a2 42. Qa5 Rxf2 43. Qxa2 Rf3 44. Kxh7 Rxh3+ 45. Kxg6 Ke7 46. Qxa6 Rxc3 47. Qe2+ 1-0

[Event "Mini-COQ"]
[Site "Montreal CAN"]
[Date "2011.07.24"]
[Round "3"]
[White "Khashper, Arkady"]
[Black "Carrier, Claude"]
[Result "0-1"]
[WhiteElo "2158"]
[BlackElo "1985"]
[PlyCount "60"]
[GameId "2160767909649253"]
[EventDate "2011.07.23"]
[EventType "swiss"]
[EventRounds "4"]
[EventCountry "CAN"]
[SourceTitle "EXT 2022"]
[Source "ChessBase"]
[SourceDate "2021.10.06"]
[SourceVersion "1"]
[SourceVersionDate "2021.10.06"]
[SourceQuality "1"]

1. e4 c5 2. Nf3 e6 3. d4 a6 4. Be2 cxd4 5. Nxd4 Nf6 6. Nc3 d6 7. O-O Be7 8. f4 O-O 9. Kh1 Bd7 10. Qe1 Nc6 11. Be3 Nxd4 12. Bxd4 Bc6 13. Qg3 b5 14. a3 Qc7 15. Rae1 Rfd8 16. Bd3 Nh5 17. Qh3 Nxf4 18. Rxf4 e5 19. Nd5 Qb7 20. Rxf7 Kxf7 21. Qxh7 Bxd5 22. exd5 Bf6 23. Rf1 Qxd5 24. Be4 Qxd4 25. Rxf6+ Kxf6 26. Qg6+ Ke7 27. Qxg7+ Ke6 28. Bf5+ Kxf5 29. Qf7+ Kg5 30. Qg7+ Kf4 0-1

[Event "Mini-COQ"]
[Site "Montreal CAN"]
[Date "2011.07.24"]
[Round "3"]
[White "Ramaswamy, Kishor"]
[Black "Gulko, Andrei"]
[Result "0-1"]
[WhiteElo "2181"]
[BlackElo "2157"]
[PlyCount "42"]
[GameId "2160767909649254"]
[EventDate "2011.07.23"]
[EventType "swiss"]
[EventRounds "4"]
[EventCountry "CAN"]
[SourceTitle "EXT 2022"]
[Source "ChessBase"]
[SourceDate "2021.10.06"]
[SourceVersion "1"]
[SourceVersionDate "2021.10.06"]
[SourceQuality "1"]

1. d4 Nf6 2. Nf3 e6 3. Bg5 c5 4. c3 cxd4 5. cxd4 Qb6 6. Qc1 Nc6 7. e3 Bb4+ 8. Nfd2 Ne4 9. Bh4 d5 10. Nc3 Nxd2 11. Qxd2 Na5 12. Rc1 Bd7 13. Bd3 O-O 14. O-O Rac8 15. Qe2 f5 16. a3 Bd6 17. Nb5 Bb8 18. Be7 Nb3 19. Rc3 Bxb5 20. Rxb3 Bxd3 21. Qxd3 Qc7 0-1

[Event "Mini-COQ"]
[Site "Montreal CAN"]
[Date "2011.07.24"]
[Round "3"]
[White "Yun, Chang"]
[Black "Gueorguiev, Valentin"]
[Result "1-0"]
[WhiteElo "1881"]
[BlackElo "2040"]
[PlyCount "145"]
[GameId "2160767909649255"]
[EventDate "2011.07.23"]
[EventType "swiss"]
[EventRounds "4"]
[EventCountry "CAN"]
[SourceTitle "EXT 2022"]
[Source "ChessBase"]
[SourceDate "2021.10.06"]
[SourceVersion "1"]
[SourceVersionDate "2021.10.06"]
[SourceQuality "1"]

1. e4 g6 2. d4 Bg7 3. Nc3 d6 4. Nf3 Nf6 5. h3 O-O 6. Be3 d5 7. exd5 Nxd5 8. Nxd5 Qxd5 9. Qd2 Nc6 10. Be2 Rd8 11. c4 Qd6 12. Rd1 Bf5 13. O-O a5 14. d5 Ne5 15. Nd4 Qb4 16. Nxf5 Qxd2 17. Nxe7+ Kf8 18. Nxg6+ hxg6 19. Rxd2 a4 20. Rfd1 Nd7 21. a3 b6 22. Bd4 Bxd4 23. Rxd4 Nc5 24. d6 Nb3 25. Rd5 c6 26. R5d3 Nc5 27. Re3 Rd7 28. Bf3 Rad8 29. Bxc6 Rxd6 30. Rxd6 Rxd6 31. Bf3 Rd4 32. Kf1 Rxc4 33. Rc3 Rd4 34. Ke2 Ke7 35. Rc2 Rd6 36. Rd2 Re6+ 37. Kd1 Kf6 38. Kc2 g5 39. Kc3 Kg6 40. Kb4 f5 41. Bd5 Rf6 42. f3 Kh5 43. Rd4 f4 44. Bc4 Kh4 45. Rd2 Kg3 46. Bb5 Nb3 47. Rc2 Nd4 48. Rd2 Nf5 49. Kxa4 Ne3 50. b4 Nxg2 51. Rd5 Rg6 52. Bd3 Rg7 53. Be4 Ne3 54. Rb5 Kxh3 55. Rxb6 Nc4 56. Rh6+ Kg3 57. b5 Nd2 58. Rg6 Ra7+ 59. Ra6 Re7 60. Bd5 Nb1 61. Kb4 Nd2 62. b6 g4 63. fxg4 f3 64. b7 Rxb7+ 65. Bxb7 f2 66. Rf6 f1=Q 67. Rxf1 Nxf1 68. Bc8 Kf4 69. a4 Ne3 70. Kc5 Ke5 71. a5 Nd5 72. a6 Nc7 73. Kc6 1-0

[Event "Mini-COQ"]
[Site "Montreal CAN"]
[Date "2011.07.23"]
[Round "4"]
[White "Morin, Louis"]
[Black "Desmarais, Serge"]
[Result "1-0"]
[WhiteElo "1885"]
[BlackElo "1718"]
[PlyCount "79"]
[GameId "2160767909649256"]
[EventDate "2011.07.23"]
[EventType "swiss"]
[EventRounds "4"]
[EventCountry "CAN"]
[SourceTitle "EXT 2022"]
[Source "ChessBase"]
[SourceDate "2021.10.06"]
[SourceVersion "1"]
[SourceVersionDate "2021.10.06"]
[SourceQuality "1"]

1. e4 Nf6 2. Nc3 d5 3. e5 Nfd7 4. e6 Nf6 5. exf7+ Kxf7 6. d4 Bf5 7. Nf3 e6 8. Ne5+ Kg8 9. g4 Bg6 10. Nxg6 hxg6 11. Bd3 Qe8 12. Bf4 c6 13. Qe2 Bb4 14. O-O-O Nbd7 15. Nb1 Nf8 16. c3 Be7 17. Nd2 Qf7 18. Bg3 Rc8 19. h3 N6d7 20. Kb1 Bf6 21. Nf3 Re8 22. g5 Bd8 23. h4 Rh5 24. Rhe1 Bb6 25. Ne5 Nxe5 26. Bxe5 Bd8 27. Qc2 Be7 28. f4 Bd8 29. Be2 Rh8 30. Bg4 Be7 31. Ka1 Bd8 32. Qe2 Rh7 33. Bd6 Be7 34. Bxe6 Nxe6 35. Qxe6 Kf8 36. Qe5 Bxd6 37. Qxd6+ Kg8 38. Re5 Rf8 39. f5 gxf5 40. g6 1-0

[Event "Montcalm op"]
[Site "Quebec CAN"]
[Date "2011.01.07"]
[Round "1"]
[White "Bleau, John"]
[Black "Berube, Antoine"]
[Result "0-1"]
[WhiteElo "1835"]
[BlackElo "2193"]
[PlyCount "54"]
[GameId "2160767909821232"]
[EventDate "2011.01.07"]
[EventType "swiss"]
[EventRounds "5"]
[EventCountry "CAN"]
[SourceTitle "EXT 2022"]
[Source "ChessBase"]
[SourceDate "2021.10.06"]
[SourceVersion "1"]
[SourceVersionDate "2021.10.06"]
[SourceQuality "1"]

1. d4 d5 2. c4 c6 3. Nf3 Nf6 4. Nc3 e6 5. Bg5 h6 6. Bh4 dxc4 7. e4 g5 8. Bg3 b5 9. Be5 Nbd7 10. Be2 Bb7 11. O-O Bb4 12. Re1 Qb6 13. a3 Be7 14. Bxf6 Nxf6 15. Ne5 Rd8 16. Bh5 O-O 17. Bxf7+ Rxf7 18. Nxf7 Kxf7 19. e5 Nd5 20. g3 Nxc3 21. Qh5+ Kg7 22. bxc3 c5 23. Rad1 Qc6 24. f3 Qxf3 25. Qxf3 Bxf3 26. Rb1 cxd4 27. cxd4 a6 0-1

[Event "Montcalm op"]
[Site "Quebec CAN"]
[Date "2011.01.07"]
[Round "1"]
[White "Page-Fortin, Mathieu"]
[Black "Rainfray, Arnaud"]
[Result "0-1"]
[WhiteElo "1921"]
[BlackElo "2388"]
[PlyCount "70"]
[GameId "2160767909821234"]
[EventDate "2011.01.07"]
[EventType "swiss"]
[EventRounds "5"]
[EventCountry "CAN"]
[SourceTitle "EXT 2022"]
[Source "ChessBase"]
[SourceDate "2021.10.06"]
[SourceVersion "1"]
[SourceVersionDate "2021.10.06"]
[SourceQuality "1"]

1. e4 c5 2. Nf3 e6 3. d4 cxd4 4. Nxd4 Nc6 5. Nc3 a6 6. Be3 Nf6 7. Qd2 Bb4 8. f3 Qc7 9. Bc4 b5 10. Bb3 Bb7 11. Rd1 Ne5 12. Nde2 Nc4 13. Bxc4 Qxc4 14. a3 Be7 15. O-O d6 16. Nf4 O-O 17. Qf2 Rac8 18. Rd2 Qc6 19. Rfd1 a5 20. Nfe2 b4 21. Nd4 Qa6 22. Ncb5 bxa3 23. bxa3 d5 24. e5 Nd7 25. Qg3 Rfd8 26. Bh6 Bf8 27. f4 Nc5 28. Nd6 Rxd6 29. exd6 Ne4 30. Qg4 Qxd6 31. Rd3 f5 32. Qh5 gxh6 33. g4 Qxf4 34. Nxe6 Qf2+ 35. Kh1 Ng3+ 0-1

[Event "Montcalm op"]
[Site "Quebec CAN"]
[Date "2011.01.08"]
[Round "2"]
[White "Berube, Antoine"]
[Black "Auger, Bertrand"]
[Result "1/2-1/2"]
[WhiteElo "2193"]
[BlackElo "1923"]
[PlyCount "30"]
[GameId "2160767909821235"]
[EventDate "2011.01.07"]
[EventType "swiss"]
[EventRounds "5"]
[EventCountry "CAN"]
[SourceTitle "EXT 2022"]
[Source "ChessBase"]
[SourceDate "2021.10.06"]
[SourceVersion "1"]
[SourceVersionDate "2021.10.06"]
[SourceQuality "1"]

1. d4 e6 2. c4 Nf6 3. Nc3 Bb4 4. Nf3 b6 5. Bg5 Bb7 6. Nd2 O-O 7. f3 c5 8. dxc5 Bxc5 9. e4 Nc6 10. Nb3 Be7 11. Qd2 Rc8 12. O-O-O Ne5 13. Qd4 Nc6 14. Qd2 Ne5 15. Qd4 Nc6 1/2-1/2

[Event "Montcalm op"]
[Site "Quebec CAN"]
[Date "2011.01.08"]
[Round "2"]
[White "Rainfray, Arnaud"]
[Black "Chiffot, Nicolas"]
[Result "1-0"]
[WhiteElo "2388"]
[BlackElo "2009"]
[PlyCount "73"]
[GameId "2160767909821237"]
[EventDate "2011.01.07"]
[EventType "swiss"]
[EventRounds "5"]
[EventCountry "CAN"]
[SourceTitle "EXT 2022"]
[Source "ChessBase"]
[SourceDate "2021.10.06"]
[SourceVersion "1"]
[SourceVersionDate "2021.10.06"]
[SourceQuality "1"]

1. Nf3 Nf6 2. c4 e6 3. g3 b6 4. Bg2 Bb7 5. O-O c5 6. b3 Be7 7. Bb2 O-O 8. d4 cxd4 9. Qxd4 Nc6 10. Qf4 d5 11. Rd1 Qc8 12. Nbd2 Nh5 13. Qe3 Bf6 14. Bxf6 Nxf6 15. Rac1 Rd8 16. cxd5 Nxd5 17. Qe4 Nf6 18. Qb1 Qd7 19. e4 Qd3 20. Qxd3 Rxd3 21. e5 Nd5 22. Ne4 Rxd1+ 23. Rxd1 Ba6 24. Rc1 Ncb4 25. Nd6 Nd3 26. Rd1 Rd8 27. Bf1 Nxe5 28. Nxe5 Bxf1 29. Ndxf7 Be2 30. Rd2 Rf8 31. Rxe2 Rxf7 32. Nxf7 Kxf7 33. f4 Kf6 34. Kf2 h5 35. Kf3 Kf5 36. Re5+ Kf6 37. Rxh5 1-0

[Event "Montcalm op"]
[Site "Quebec CAN"]
[Date "2011.01.08"]
[Round "3"]
[White "Lessard, Claude"]
[Black "Rainfray, Arnaud"]
[Result "0-1"]
[WhiteElo "2062"]
[BlackElo "2388"]
[PlyCount "110"]
[GameId "2160767909821239"]
[EventDate "2011.01.07"]
[EventType "swiss"]
[EventRounds "5"]
[EventCountry "CAN"]
[SourceTitle "EXT 2022"]
[Source "ChessBase"]
[SourceDate "2021.10.06"]
[SourceVersion "1"]
[SourceVersionDate "2021.10.06"]
[SourceQuality "1"]

1. d4 d5 2. c4 e6 3. Nc3 c5 4. Nf3 cxd4 5. Nxd4 e5 6. Nc2 d4 7. Nd5 Nc6 8. g3 Nge7 9. Bg2 Nxd5 10. cxd5 Nb4 11. Nxb4 Bxb4+ 12. Bd2 Bd6 13. O-O O-O 14. Qb3 Bg4 15. e3 dxe3 16. Bxe3 Qd7 17. Rac1 f5 18. Rfe1 Rf7 19. Bc5 e4 20. Bd4 b6 21. Rc3 Rd8 22. Rec1 Be2 23. Re1 Bh5 24. Rec1 Bf8 25. Be3 Qxd5 26. Qxd5 Rxd5 27. Bf1 b5 28. a4 a6 29. axb5 axb5 30. Rb3 b4 31. Bf4 Rd1 32. Rxd1 Bxd1 33. Bc4 Bxb3 34. Bxb3 Bc5 35. Kf1 Kf8 36. Bxf7 Kxf7 37. b3 Ke6 38. Ke2 Bd6 39. Bd2 Be7 40. h4 Bd6 41. Be3 Kd5 42. Bd2 Kd4 43. Be1 g6 44. Bd2 Be7 45. Be1 h6 46. Bd2 g5 47. h5 Bf8 48. Be1 f4 49. gxf4 gxf4 50. Bd2 Bd6 51. Be1 f3+ 52. Kd1 e3 53. fxe3+ Kxe3 54. Bd2+ Kd3 55. Bxh6 f2 0-1

[Event "Montcalm op"]
[Site "Quebec CAN"]
[Date "2011.01.08"]
[Round "3"]
[White "Perron, Jonathan"]
[Black "Lemieux, Serge"]
[Result "1-0"]
[WhiteElo "2148"]
[BlackElo "1480"]
[PlyCount "77"]
[GameId "2160767909821240"]
[EventDate "2011.01.07"]
[EventType "swiss"]
[EventRounds "5"]
[EventCountry "CAN"]
[SourceTitle "EXT 2022"]
[Source "ChessBase"]
[SourceDate "2021.10.06"]
[SourceVersion "1"]
[SourceVersionDate "2021.10.06"]
[SourceQuality "1"]

1. e4 e6 2. d4 d5 3. Nd2 c5 4. Ngf3 Nc6 5. dxc5 Bxc5 6. Bd3 Nge7 7. O-O Ng6 8. Nb3 Be7 9. exd5 exd5 10. h3 O-O 11. c3 b6 12. Nbd4 Bd7 13. Nxc6 Bxc6 14. Nd4 Bd7 15. Qh5 Qc8 16. Qxd5 Bc5 17. Be4 Qc7 18. Nb3 Rad8 19. Bg5 Be7 20. Bxg6 Be6 21. Bxh7+ Kxh7 22. Qe4+ g6 23. Bxe7 Qxe7 24. Nd4 Qf6 25. Nxe6 fxe6 26. Qe3 Rd5 27. Rad1 Rfd8 28. Rxd5 Rxd5 29. Re1 e5 30. b3 Qd6 31. c4 Rd1 32. Rxd1 Qxd1+ 33. Kh2 Qd6 34. Qe4 a5 35. g3 Kg7 36. h4 Qd4 37. Qxd4 exd4 38. Kg2 Kf6 39. Kf3 1-0

[Event "Montcalm op"]
[Site "Quebec CAN"]
[Date "2011.01.27"]
[Round "3"]
[White "Caire, Francois"]
[Black "Gaulin, Gaetan"]
[Result "1-0"]
[WhiteElo "2261"]
[BlackElo "1924"]
[PlyCount "97"]
[GameId "2160767909821241"]
[EventDate "2011.01.07"]
[EventType "swiss"]
[EventRounds "5"]
[EventCountry "CAN"]
[SourceTitle "EXT 2022"]
[Source "ChessBase"]
[SourceDate "2021.10.06"]
[SourceVersion "1"]
[SourceVersionDate "2021.10.06"]
[SourceQuality "1"]

1. d4 Nf6 2. c4 e6 3. Nc3 Bb4 4. e3 O-O 5. Bd3 d5 6. a3 Bxc3+ 7. bxc3 a6 8. cxd5 exd5 9. Ne2 Re8 10. O-O Nc6 11. f3 Na5 12. Ng3 c5 13. Ra2 Bd7 14. Re1 Rc8 15. Bb1 Qc7 16. e4 dxe4 17. fxe4 Bg4 18. Qd3 cxd4 19. cxd4 Qc4 20. h3 Qxd3 21. Bxd3 Be6 22. Rae2 Bc4 23. Bxc4 Nxc4 24. Nf5 h6 25. e5 Nd5 26. Re4 Rc6 27. Rg4 Rg6 28. Rxg6 fxg6 29. Ng3 Kf7 30. Ne4 b6 31. Re2 Ke7 32. Rc2 Rc8 33. Kf2 Rc7 34. Ke2 Na5 35. Rxc7+ Nxc7 36. Kd3 Ke6 37. Bd2 Nc6 38. Nc3 Nd5 39. Ke4 Nce7 40. Nxd5 Nxd5 41. Bb4 b5 42. Bf8 a5 43. Bxg7 h5 44. Bh6 b4 45. axb4 axb4 46. Kd3 b3 47. Bc1 Kf5 48. Kc4 Ke4 49. e6 1-0

[Event "Montcalm op"]
[Site "Quebec CAN"]
[Date "2011.01.09"]
[Round "4"]
[White "Beaudoin, Stephane"]
[Black "Gras, Guillaume"]
[Result "0-1"]
[WhiteElo "2044"]
[BlackElo "2039"]
[PlyCount "44"]
[GameId "2160767909821242"]
[EventDate "2011.01.07"]
[EventType "swiss"]
[EventRounds "5"]
[EventCountry "CAN"]
[SourceTitle "EXT 2022"]
[Source "ChessBase"]
[SourceDate "2021.10.06"]
[SourceVersion "1"]
[SourceVersionDate "2021.10.06"]
[SourceQuality "1"]

1. e4 Nf6 2. e5 Nd5 3. Bc4 Nb6 4. Bb3 d6 5. Nf3 Nc6 6. e6 Bxe6 7. Bxe6 fxe6 8. d4 Nd5 9. O-O Nf6 10. c4 d5 11. Nc3 dxc4 12. Qa4 Nd5 13. Qxc4 Qd7 14. Ne4 Nb6 15. Qc3 Qd5 16. Re1 O-O-O 17. Neg5 e5 18. dxe5 h6 19. Ne4 e6 20. a3 Be7 21. b4 Qd3 22. Nd6+ Rxd6 0-1